Para qué sirve realmente un sociólogo?

-д хадгалсан:
Номзүйн дэлгэрэнгүй
Үндсэн зохиолч: Dubet, Francois (Зохиогч)
Формат: Ном
Хэл сонгох:испани
Хэвлэсэн: Buenos Aires Siglo Veintiuno Editores 2012
Хэвлэл:1a. ed
Цуврал:Sociología y Política
Нөхцлүүд:
Шошгууд: Шошго нэмэх
Шошго байхгүй, Энэхүү баримтыг шошголох эхний хүн болох!

MARC

LEADER 00000cam a2200000 a 4500
001 UCF3962
003 CL-VaPUC
008 121115e20120000AG |||||||||||||||||spa|d
020 |a 9789876292054 
082 0 4 |a 301  |b DUB  |2 21 
100 |a Dubet, Francois  |e author  |9 561389 
245 1 0 |a Para qué sirve realmente un sociólogo? 
250 |a 1a. ed 
300 |a 136 p 
942 |c BK 
945 |d 20121115 00:00:00  |a dcastane 
260 |a Buenos Aires  |b Siglo Veintiuno Editores  |c 2012 
650 0 |a Sociología   |9 255410 
650 0 |a Sociedad  |9 307903 
650 0 |a Justicia social  |9 314874 
650 7 |a EXPERIENCIA SOCIAL  |2 CL-VaPUC  |9 557982 
583 |a last modification  |c 20121115 10:00:00  |k Rodrigo Vera 
490 0 |a Sociología y Política 
999 |c 349986  |d 349984 
952 |0 0  |1 0  |4 0  |6 301_000000000000000_DUB_2012  |7 0  |8 A  |9 452893  |a BIBGIM  |b BIBGIM  |d 2019-11-22  |i 4922956  |o 301 DUB 2012  |p 4922956  |r 2025-01-15  |w 2019-11-22  |y BK  |k SSL